000 00260nam a2200097Ia 4500
001 1156607
005 20250827011226.0
008 250824s9999 xx 000 0 und d
245 0 _aDÜNYANIN EN YALNIZ YERİNDE
_cMUSTAFA RUHİ ŞİRİN
260 _bMUHİT KİTAP
999 _c1156607
_d1156607